000 00641 a2200205 4500
010 _aENG-88201
020 _a0070660476
_c225.00
035 _aEN-71734
037 _bDBAD / PUB
082 1 4 _a005.13
090 _c7976
_d7976
100 1 _aBalagurusamy, E
245 1 _aC Programming and data structures
_cby E. Balagurusamy
250 _a3rd ed
260 _aNew Delhi
_bTata McGraw-Hill Publishing,
_c2008
270 _a7, West Patel Nagar
_e110 008
300 _avarious pagings
_c24 cm (Pbk)
942 _adpl
_cEN
_k005.13 / BAL
999 _c7833
_d7833